Research methodology: (Record no. 753969)
[ view plain ]
| 000 -LEADER | |
|---|---|
| fixed length control field | 00481nam a2200181 4500 |
| 020 ## - INTERNATIONAL STANDARD BOOK NUMBER | |
| ISBN | 9789389802559 |
| 082 ## - DEWEY DECIMAL CLASSIFICATION NUMBER | |
| Classification number | 001.42 |
| Item number | KOT.R |
| 084 ## - OTHER CLASSIFICATION NUMBER | |
| Source of Number | Colon Classification |
| 100 ## - MAIN ENTRY--AUTHOR NAME | |
| Personal name | Kothari,C R |
| 100 ## - MAIN ENTRY--AUTHOR NAME | |
| Personal name | Garg,Gaurav |
| 245 ## - TITLE STATEMENT | |
| Title | Research methodology: |
| Sub Title | methods and techniques |
| 250 ## - EDITION STATEMENT | |
| Edition statement | 5th ed. |
| 260 ## - PUBLICATION, DISTRIBUTION, ETC. (IMPRINT) | |
| Place of publication | NewDelhi: |
| Name of publisher | New Age International, |
| Year of publication | 2024 |
| 300 ## - PHYSICAL DESCRIPTION | |
| Number of Pages | 464p. |
| 650 ## - SUBJECT ADDED ENTRY--TOPICAL TERM | |
| Topical Term | Research methods |
| 942 ## - ADDED ENTRY ELEMENTS (KOHA) | |
| Source of classification or shelving scheme | Dewey Decimal Classification |
| Koha item type | Gift |
| Withdrawn status | Lost status | Source of classification or shelving scheme | Damaged status | Not for loan | Home Library | Current Location | Shelving location | Date acquired | Full call number | Accession Number | Price effective from | Koha item type |
|---|---|---|---|---|---|---|---|---|---|---|---|---|
| Dewey Decimal Classification | Campus Library Kariavattom | Campus Library Kariavattom | General Stacks | 01/12/2025 | 001.42 KOT.R | UCLG1049 | 01/12/2025 | Gift |
